<?xml version="1.0" encoding="UTF-8"?>
<record
    xmlns:xsi="http://www.w3.org/2001/XMLSchema-instance"
    xsi:schemaLocation="http://www.loc.gov/MARC21/slim http://www.loc.gov/standards/marcxml/schema/MARC21slim.xsd"
    xmlns="http://www.loc.gov/MARC21/slim">

  <leader>01853    a2200325   4500</leader>
  <controlfield tag="003">NALT</controlfield>
  <controlfield tag="005">20250610143635.0</controlfield>
  <controlfield tag="008">220919b        th ||||| |||| 00| 0 tha d</controlfield>
  <datafield tag="020" ind1=" " ind2=" ">
    <subfield code="a">9786163885746</subfield>
  </datafield>
  <datafield tag="040" ind1=" " ind2=" ">
    <subfield code="a">NALT</subfield>
  </datafield>
  <datafield tag="041" ind1="1" ind2=" ">
    <subfield code="a">tha</subfield>
    <subfield code="h">eng</subfield>
  </datafield>
  <datafield tag="050" ind1=" " ind2=" ">
    <subfield code="a">HB 501 </subfield>
    <subfield code="b">&#xE1E;631&#xE17; 2565</subfield>
  </datafield>
  <datafield tag="100" ind1="1" ind2=" ">
    <subfield code="a">&#xE1E;&#xE34;&#xE40;&#xE01;&#xE47;&#xE15;&#xE15;&#xE35;, &#xE42;&#xE17;&#xE21;&#xE31;&#xE2A;</subfield>
    <subfield code="9">59019</subfield>
  </datafield>
  <datafield tag="245" ind1="1" ind2="0">
    <subfield code="a">&#xE17;&#xE38;&#xE19;&#xE19;&#xE34;&#xE22;&#xE21;&#xE43;&#xE19;&#xE28;&#xE15;&#xE27;&#xE23;&#xE23;&#xE29;&#xE17;&#xE35;&#xE48; 21 =</subfield>
    <subfield code="b">Capital in the twenty-first century /</subfield>
    <subfield code="c">&#xE40;&#xE02;&#xE35;&#xE22;&#xE19;, Thomas Piketty ; &#xE41;&#xE1B;&#xE25;, &#xE19;&#xE23;&#xE34;&#xE19;&#xE17;&#xE23;&#xE4C; &#xE2D;&#xE07;&#xE04;&#xE4C;&#xE2D;&#xE34;&#xE19;&#xE17;&#xE23;&#xE35;.</subfield>
  </datafield>
  <datafield tag="246" ind1="1" ind2="4">
    <subfield code="a">Capital in the twenty-first century.</subfield>
  </datafield>
  <datafield tag="250" ind1=" " ind2=" ">
    <subfield code="a">&#xE1E;&#xE34;&#xE21;&#xE1E;&#xE4C;&#xE04;&#xE23;&#xE31;&#xE49;&#xE07;&#xE17;&#xE35;&#xE48; 3.</subfield>
  </datafield>
  <datafield tag="260" ind1=" " ind2=" ">
    <subfield code="a">&#xE01;&#xE23;&#xE38;&#xE07;&#xE40;&#xE17;&#xE1E;&#xE2F; : </subfield>
    <subfield code="b">&#xE41;&#xE2A;&#xE07;&#xE14;&#xE32;&#xE27;,</subfield>
    <subfield code="c">2565.</subfield>
  </datafield>
  <datafield tag="300" ind1=" " ind2=" ">
    <subfield code="a">822 &#xE2B;&#xE19;&#xE49;&#xE32; :</subfield>
    <subfield code="b">&#xE20;&#xE32;&#xE1E;&#xE1B;&#xE23;&#xE30;&#xE01;&#xE2D;&#xE1A; ;</subfield>
    <subfield code="c">23 &#xE0B;&#xE21;.</subfield>
  </datafield>
  <datafield tag="505" ind1="0" ind2=" ">
    <subfield code="a">&#xE20;&#xE32;&#xE04;&#xE17;&#xE35;&#xE48;&#xE2B;&#xE19;&#xE36;&#xE48;&#xE07; &#xE23;&#xE32;&#xE22;&#xE44;&#xE14;&#xE49;&#xE41;&#xE25;&#xE30;&#xE17;&#xE38;&#xE19; -- &#xE20;&#xE32;&#xE04;&#xE17;&#xE35;&#xE48;&#xE2A;&#xE2D;&#xE07; &#xE1E;&#xE25;&#xE27;&#xE31;&#xE15;&#xE2D;&#xE31;&#xE15;&#xE23;&#xE32;&#xE2A;&#xE48;&#xE27;&#xE19;&#xE17;&#xE38;&#xE19;/&#xE23;&#xE32;&#xE22;&#xE44;&#xE14;&#xE49; -- &#xE20;&#xE32;&#xE04;&#xE17;&#xE35;&#xE48;&#xE2A;&#xE32;&#xE21; &#xE42;&#xE04;&#xE23;&#xE07;&#xE2A;&#xE23;&#xE49;&#xE32;&#xE07;&#xE02;&#xE2D;&#xE07;&#xE04;&#xE27;&#xE32;&#xE21;&#xE40;&#xE2B;&#xE25;&#xE37;&#xE48;&#xE2D;&#xE21;&#xE25;&#xE49;&#xE33; -- &#xE20;&#xE32;&#xE04;&#xE17;&#xE35;&#xE48;&#xE2A;&#xE35;&#xE48; &#xE01;&#xE32;&#xE23;&#xE08;&#xE31;&#xE14;&#xE23;&#xE30;&#xE40;&#xE1A;&#xE35;&#xE22;&#xE1A;&#xE17;&#xE38;&#xE19;&#xE43;&#xE19;&#xE28;&#xE15;&#xE27;&#xE23;&#xE23;&#xE29;&#xE17;&#xE35;&#xE48; 21.</subfield>
  </datafield>
  <datafield tag="650" ind1=" " ind2="4">
    <subfield code="9">5470</subfield>
    <subfield code="a">&#xE17;&#xE38;&#xE19;&#xE19;&#xE34;&#xE22;&#xE21;</subfield>
  </datafield>
  <datafield tag="650" ind1=" " ind2="4">
    <subfield code="9">27078</subfield>
    <subfield code="a">&#xE23;&#xE32;&#xE22;&#xE44;&#xE14;&#xE49; </subfield>
  </datafield>
  <datafield tag="650" ind1=" " ind2="4">
    <subfield code="9">30753</subfield>
    <subfield code="a">&#xE01;&#xE32;&#xE23;&#xE01;&#xE23;&#xE30;&#xE08;&#xE32;&#xE22;&#xE23;&#xE32;&#xE22;&#xE44;&#xE14;&#xE49;</subfield>
  </datafield>
  <datafield tag="650" ind1=" " ind2="4">
    <subfield code="9">3781</subfield>
    <subfield code="a">&#xE04;&#xE27;&#xE32;&#xE21;&#xE21;&#xE31;&#xE48;&#xE07;&#xE04;&#xE31;&#xE48;&#xE07;</subfield>
  </datafield>
  <datafield tag="650" ind1=" " ind2="4">
    <subfield code="9">4726</subfield>
    <subfield code="a">&#xE40;&#xE28;&#xE23;&#xE29;&#xE10;&#xE28;&#xE32;&#xE2A;&#xE15;&#xE23;&#xE4C;&#xE41;&#xE23;&#xE07;&#xE07;&#xE32;&#xE19;</subfield>
  </datafield>
  <datafield tag="700" ind1="1" ind2=" ">
    <subfield code="9">36998</subfield>
    <subfield code="a">Piketty, Thomas</subfield>
  </datafield>
  <datafield tag="700" ind1="0" ind2=" ">
    <subfield code="a">&#xE19;&#xE23;&#xE34;&#xE19;&#xE17;&#xE23;&#xE4C; &#xE2D;&#xE07;&#xE04;&#xE4C;&#xE2D;&#xE34;&#xE19;&#xE17;&#xE23;&#xE35;</subfield>
    <subfield code="9">20327</subfield>
  </datafield>
  <datafield tag="850" ind1=" " ind2=" ">
    <subfield code="a">NALT</subfield>
  </datafield>
  <datafield tag="942" ind1=" " ind2=" ">
    <subfield code="2">lcc</subfield>
    <subfield code="c">GB</subfield>
  </datafield>
  <datafield tag="998" ind1=" " ind2=" ">
    <subfield code="a">phon</subfield>
    <subfield code="b">phon</subfield>
    <subfield code="c">phon</subfield>
    <subfield code="j">104</subfield>
    <subfield code="k"> &#xE19;&#xE32;&#xE07;&#xE2A;&#xE32;&#xE27;&#xE2A;&#xE32;&#xE22;&#xE1D;&#xE19;  &#xE14;&#xE35;&#xE07;&#xE32;&#xE21;</subfield>
  </datafield>
  <datafield tag="999" ind1=" " ind2=" ">
    <subfield code="c">100772</subfield>
    <subfield code="d">100772</subfield>
  </datafield>
  <datafield tag="952" ind1=" " ind2=" ">
    <subfield code="0">0</subfield>
    <subfield code="1">0</subfield>
    <subfield code="2">lcc</subfield>
    <subfield code="4">0</subfield>
    <subfield code="7">0</subfield>
    <subfield code="8">CGBL</subfield>
    <subfield code="a">NALT</subfield>
    <subfield code="b">NALT</subfield>
    <subfield code="c">GEN</subfield>
    <subfield code="d">2022-09-16</subfield>
    <subfield code="e">1</subfield>
    <subfield code="l">4</subfield>
    <subfield code="m">4</subfield>
    <subfield code="o">HB 501  &#xE1E;631&#xE17; 2565</subfield>
    <subfield code="p">3961213123</subfield>
    <subfield code="r">2024-09-18 00:00:00</subfield>
    <subfield code="s">2024-09-04</subfield>
    <subfield code="t">&#xE09;.2</subfield>
    <subfield code="w">2022-09-16</subfield>
    <subfield code="y">GB</subfield>
  </datafield>
  <datafield tag="952" ind1=" " ind2=" ">
    <subfield code="0">0</subfield>
    <subfield code="1">0</subfield>
    <subfield code="2">lcc</subfield>
    <subfield code="4">0</subfield>
    <subfield code="7">0</subfield>
    <subfield code="8">CGBL</subfield>
    <subfield code="a">NALT</subfield>
    <subfield code="b">NALT</subfield>
    <subfield code="c">GEN</subfield>
    <subfield code="d">2022-09-16</subfield>
    <subfield code="e">1</subfield>
    <subfield code="l">9</subfield>
    <subfield code="m">5</subfield>
    <subfield code="o">HB 501  &#xE1E;631&#xE17; 2565</subfield>
    <subfield code="p">3961213122</subfield>
    <subfield code="r">2024-10-30 00:00:00</subfield>
    <subfield code="s">2024-10-10</subfield>
    <subfield code="t">&#xE09;.1</subfield>
    <subfield code="w">2022-09-16</subfield>
    <subfield code="y">GB</subfield>
  </datafield>
</record>
